000 00362nam a22001457a 4500
003 OSt
005 20160727222340.0
008 160618b xxu||||| |||| 00| 0 eng d
040 _cTEST
100 _954
_aElsie, et al
245 _aFood From the Garden
_bFood From the Garden
260 _aG.Britain.Dinosaur
_c1983
300 _aFood From the Garden
942 _2ddc
_cBK
999 _c45
_d45